| 000 | 00337nam a22001337a 4500 | ||
|---|---|---|---|
| 005 | 20251212133449.0 | ||
| 008 | 251212b |||||||| |||| 00| 0 eng d | ||
| 020 | _a13:?987-0-3341-5 | ||
| 050 | _aRT 62.C497 2006 | ||
| 100 | _aLUURESTIEN BARBARA | ||
| 245 | _aFOUDATIONS OF NURSING | ||
| 260 |
_aUSA _bELSEVIER _c2006 |
||
| 942 |
_2lcc _cBK |
||
| 999 |
_c216349 _d216349 |
||